[Event "50+ World Senior Team Championship"]
[Site "chess24.com"]
[Date "2017.05.02"]
[Round "9"]
[White "Ernst, Michael"]
[Black "Galdunts, Sergey"]
[Result "1/2-1/2"]
[Board "4"]
[WhiteElo "2141"]
[WhiteCountry "AUT"]
[WhiteFideId "1618393"]
[WhiteEloChange "7"]
[BlackElo "2430"]
[BlackTitle "GM"]
[BlackCountry "ARM"]
[BlackFideId "13300067"]
[BlackEloChange "-3"]

1. d4 {[%clk 1:30:54]} d6 {[%clk 1:27:59]} 2. e4 {[%clk 1:31:16]} Nf6 {[%clk
1:28:04]} 3. Bd3 {[%clk 1:31:41]} e5 {[%clk 1:28:10]} 4. c3 {[%clk 1:31:43]} Nbd7
{[%clk 1:22:51]} 5. Nf3 {[%clk 1:31:38]} g6 {[%clk 1:23:15]} 6. O-O {[%clk
1:31:17]} Bg7 {[%clk 1:23:39]} 7. Re1 {[%clk 1:30:23]} O-O {[%clk 1:23:42]} 8.
Bf1 {[%clk 1:27:28]} b6 {[%clk 1:20:45]} 9. dxe5 {[%clk 1:27:36]} dxe5 {[%clk
1:20:34]} 10. Nbd2 {[%clk 1:24:03]} Bb7 {[%clk 1:20:05]} 11. Qc2 {[%clk 1:24:18]}
Nh5 {[%clk 1:04:01]} 12. b3 {[%clk 1:20:11]} Re8 {[%clk 1:00:35]} 13. a4 {[%clk
1:18:53]} a5 {[%clk 0:54:53]} 14. Bb2 {[%clk 1:16:57]} Nf4 {[%clk 0:51:16]} 15.
g3 {[%clk 1:09:47]} Ne6 {[%clk 0:50:33]} 16. Nc4 {[%clk 1:09:40]} Qf6 {[%clk
0:37:40]} 17. Nfd2 {[%clk 1:05:48]} Rad8 {[%clk 0:35:04]} 18. Rad1 {[%clk
1:02:43]} h5 {[%clk 0:34:43]} 19. Bg2 {[%clk 0:58:42]} Ndc5 {[%clk 0:31:03]} 20.
Re3 {[%clk 0:51:18]} Bh6 {[%clk 0:30:14]} 21. Rf3 {[%clk 0:50:39]} Qe7 {[%clk
0:30:13]} 22. Ba3 {[%clk 0:48:35]} f6 {[%clk 0:29:48]} 23. h4 {[%clk 0:43:18]}
Qg7 {[%clk 0:25:43]} 24. Re1 {[%clk 0:31:24]} Rd7 {[%clk 0:14:56]} 25. Bh3 {[%clk
0:28:28]} Rf7 {[%clk 0:15:16]} 26. Bxc5 {[%clk 0:26:26]} Nxc5 {[%clk 0:15:01]}
27. b4 {[%clk 0:26:48]} axb4 {[%clk 0:13:30]} 28. cxb4 {[%clk 0:27:15]} Ne6
{[%clk 0:13:11]} 29. Bxe6 {[%clk 0:25:34]} Rxe6 {[%clk 0:13:38]} 30. a5 {[%clk
0:24:33]} b5 {[%clk 0:09:44]} 31. Na3 {[%clk 0:24:02]} 1/2-1/2

[Event "50+ World Senior Team Championship"]
[Site "chess24.com"]
[Date "2017.05.02"]
[Round "9"]
[White "Huzman, Alexander"]
[Black "Plaskett, H James"]
[Result "1/2-1/2"]
[Board "1"]
[WhiteElo "2550"]
[WhiteTitle "GM"]
[WhiteCountry "ISR"]
[WhiteFideId "2803828"]
[WhiteEloChange "-1"]
[BlackElo "2458"]
[BlackTitle "GM"]
[BlackCountry "ENG"]
[BlackFideId "400238"]
[BlackEloChange "1"]

1. Nf3 {[%clk 1:30:58]} Nf6 {[%clk 1:29:45]} 2. c4 {[%clk 1:30:49]} c5 {[%clk
1:29:51]} 3. d4 {[%clk 1:29:26]} cxd4 {[%clk 1:27:15]} 4. Nxd4 {[%clk 1:29:51]}
e6 {[%clk 1:26:58]} 5. g3 {[%clk 1:30:17]} d5 {[%clk 1:27:23]} 6. Bg2 {[%clk
1:30:40]} Be7 {[%clk 1:27:47]} 7. O-O {[%clk 1:30:23]} O-O {[%clk 1:27:33]} 8.
cxd5 {[%clk 1:30:06]} Nxd5 {[%clk 1:28:00]} 9. Qb3 {[%clk 1:30:31]} Na6 {[%clk
1:27:33]} 10. Rd1 {[%clk 1:25:44]} Nc5 {[%clk 1:25:21]} 11. Qf3 {[%clk 1:25:51]}
Qb6 {[%clk 1:02:58]} 12. e4 {[%clk 1:16:01]} Nf6 {[%clk 1:01:46]} 13. e5 {[%clk
1:02:57]} Nd5 {[%clk 1:01:53]} 14. Qe2 {[%clk 1:03:16]} Rd8 {[%clk 1:01:43]} 15.
Na3 {[%clk 0:52:04]} Na4 {[%clk 0:42:40]} 16. Nc4 {[%clk 0:49:42]} Qa6 {[%clk
0:36:31]} 17. Qf1 {[%clk 0:41:33]} Nab6 {[%clk 0:29:43]} 18. Ne3 {[%clk 0:35:40]}
Qxf1+ {[%clk 0:23:11]} 19. Kxf1 {[%clk 0:34:54]} Rb8 {[%clk 0:17:44]} 20. Nxd5
{[%clk 0:29:12]} Nxd5 {[%clk 0:18:01]} 21. Bd2 {[%clk 0:29:38]} Bc5 {[%clk
0:13:29]} 22. Bg5 {[%clk 0:17:29]} Rd7 {[%clk 0:11:21]} 1/2-1/2

[Event "50+ World Senior Team Championship"]
[Site "chess24.com"]
[Date "2017.05.02"]
[Round "9"]
[White "Soffer, Ram"]
[Black "Burnett, Jim"]
[Result "1-0"]
[Board "3"]
[WhiteElo "2508"]
[WhiteTitle "GM"]
[WhiteCountry "ISR"]
[WhiteFideId "2800101"]
[WhiteEloChange "1"]
[BlackElo "2075"]
[BlackCountry "ENG"]
[BlackFideId "402273"]
[BlackEloChange "-2"]

1. d4 {[%clk 1:30:53]} d5 {[%clk 1:30:51]} 2. Nf3 {[%clk 1:31:12]} e6 {[%clk
1:31:08]} 3. c4 {[%clk 1:31:34]} c6 {[%clk 1:31:29]} 4. Nbd2 {[%clk 1:31:58]} Nf6
{[%clk 1:31:47]} 5. g3 {[%clk 1:32:12]} Be7 {[%clk 1:31:02]} 6. Bg2 {[%clk
1:32:24]} b6 {[%clk 1:30:53]} 7. O-O {[%clk 1:32:47]} O-O {[%clk 1:31:07]} 8. Re1
{[%clk 1:32:12]} Bb7 {[%clk 1:31:06]} 9. b3 {[%clk 1:32:20]} Nbd7 {[%clk
1:31:02]} 10. Bb2 {[%clk 1:29:26]} Qc7 {[%clk 1:30:18]} 11. Rc1 {[%clk 1:28:42]}
Rad8 {[%clk 1:24:16]} 12. cxd5 {[%clk 1:23:35]} exd5 {[%clk 1:23:18]} 13. Qc2
{[%clk 1:23:06]} Rfe8 {[%clk 1:17:07]} 14. Ne5 {[%clk 1:19:39]} c5 {[%clk
1:08:35]} 15. Nxd7 {[%clk 1:17:17]} Nxd7 {[%clk 0:59:02]} 16. dxc5 {[%clk
1:15:57]} bxc5 {[%clk 0:57:22]} 17. e4 {[%clk 1:14:09]} dxe4 {[%clk 0:55:16]} 18.
Nxe4 {[%clk 1:06:39]} Qb6 {[%clk 0:50:17]} 19. Re3 {[%clk 1:01:06]} f5 {[%clk
0:39:10]} 20. Qc4+ {[%clk 0:53:25]} Kf8 {[%clk 0:34:54]} 21. Rf3 {[%clk 0:51:47]}
Bxe4 {[%clk 0:32:56]} 22. Qxe4 {[%clk 0:51:32]} g6 {[%clk 0:31:54]} 23. Qc2
{[%clk 0:48:06]} Bg5 {[%clk 0:28:52]} 24. Rf1 {[%clk 0:41:40]} Ne5 {[%clk
0:25:41]} 25. Rc3 {[%clk 0:39:42]} c4 {[%clk 0:15:55]} 26. Ba3+ {[%clk 0:37:12]}
Kg7 {[%clk 0:15:41]} 27. bxc4 {[%clk 0:37:14]} Rd2 {[%clk 0:13:55]} 28. Qb3
{[%clk 0:37:28]} Qxb3 {[%clk 0:11:41]} 29. axb3 {[%clk 0:37:18]} Nd3 {[%clk
0:11:19]} 30. Bc1 {[%clk 0:24:40]} Nxc1 {[%clk 0:10:57]} 31. Rcxc1 {[%clk
0:25:06]} Rb2 {[%clk 0:10:51]} 32. Rc3 {[%clk 0:21:47]} Rb8 {[%clk 0:07:48]} 33.
Ra1 {[%clk 0:21:34]} R2xb3 {[%clk 0:07:18]} 34. Rxa7+ {[%clk 0:21:52]} Kh6 {[%clk
0:07:28]} 35. Rxb3 {[%clk 0:22:06]} Rxb3 {[%clk 0:07:50]} 36. Bd5 {[%clk
0:22:28]} Bf6 {[%clk 0:07:56]} 37. Bg8 {[%clk 0:19:45]} Bd4 {[%clk 0:07:50]} 38.
Rxh7+ {[%clk 0:19:55]} Kg5 {[%clk 0:08:12]} 39. Rd7 {[%clk 0:19:53]} Bc5 {[%clk
0:08:22]} 40. Rd5 {[%clk 0:18:39]} Ba7 {[%clk 0:08:24]} 41. Rd2 {[%clk 0:18:45]}
f4 {[%clk 0:06:06]} 42. Rd7 {[%clk 0:06:59]} Ra3 {[%clk 0:05:52]} 43. c5 {[%clk
0:04:33]} f3 {[%clk 0:00:10]} 44. h4+ {[%clk 0:04:19]} Kf6 {[%clk 0:00:28]} 45.
c6 {[%clk 0:03:41]} Ra1+ 46. Kh2 {[%clk 0:03:55]} Bxf2 47. Rf7+ {[%clk 0:03:25]}
Ke5 48. Rxf3 {[%clk 0:03:25]} Bb6 49. Rb3 {[%clk 0:03:02]} Bc7 {[%clk 0:00:10]}
50. Rb5+ {[%clk 0:01:04]} Kd6 51. Bd5 {[%clk 0:00:18]} Ra3 52. Bg2 Re3 53. Rg5
Re6 54. Kh3 Ke7 55. Bd5 Re5 56. Rxe5+ Bxe5 57. g4 Kf6 58. Kg2 Bd6 59. Kf3 Ke5 60.
Be4 Kf6 61. g5+ Kf7 62. Kg4 Be5 63. Bd3 Bd6 64. h5 gxh5+ 65. Kxh5 Ke6 66. Bc4+
Ke7 67. g6 1-0

[Event "50+ World Senior Team Championship"]
[Site "chess24.com"]
[Date "2017.05.02"]
[Round "9"]
[White "Sollid, Stein"]
[Black "Strutinskaia, Galina"]
[Result "1/2-1/2"]
[Board "1"]
[WhiteElo "2029"]
[WhiteCountry "NOR"]
[WhiteFideId "1503057"]
[WhiteEloChange "6"]
[BlackElo "2293"]
[BlackTitle "WGM"]
[BlackCountry "RUS"]
[BlackFideId "4108558"]
[BlackEloChange "-6"]

1. e4 {[%clk 1:30:14]} c5 {[%clk 1:30:55]} 2. Nf3 {[%clk 1:30:32]} Nc6 {[%clk
1:31:10]} 3. Bb5 {[%clk 1:30:31]} e6 {[%clk 1:31:27]} 4. O-O {[%clk 1:30:35]}
Nge7 {[%clk 1:31:33]} 5. c3 {[%clk 1:30:42]} a6 {[%clk 1:31:35]} 6. Ba4 {[%clk
1:30:56]} Qc7 {[%clk 1:27:38]} 7. d4 {[%clk 1:31:00]} Ng6 {[%clk 1:25:00]} 8. d5
{[%clk 1:28:40]} Nd8 {[%clk 1:24:56]} 9. Na3 {[%clk 1:26:39]} b5 {[%clk 1:24:15]}
10. Bc2 {[%clk 1:25:09]} e5 {[%clk 1:22:14]} 11. Ng5 {[%clk 1:23:45]} f6 {[%clk
1:21:56]} 12. Nh3 {[%clk 1:23:28]} d6 {[%clk 1:20:37]} 13. Qh5 {[%clk 1:22:56]}
Qf7 {[%clk 1:20:17]} 14. f4 {[%clk 1:17:18]} Nxf4 {[%clk 1:19:12]} 15. Nxf4
{[%clk 1:16:51]} exf4 {[%clk 1:19:37]} 16. Qxf7+ {[%clk 1:12:52]} Nxf7 {[%clk
1:19:46]} 17. Bxf4 {[%clk 1:12:59]} Bd7 {[%clk 1:18:23]} 18. Nb1 {[%clk 1:12:26]}
Be7 {[%clk 1:18:20]} 19. Nd2 {[%clk 1:12:17]} O-O {[%clk 1:18:14]} 20. a4 {[%clk
1:12:00]} Rfb8 {[%clk 1:15:18]} 21. Rfb1 {[%clk 1:07:19]} Bd8 {[%clk 1:11:18]}
22. Kf2 {[%clk 1:03:53]} h5 {[%clk 1:10:09]} 23. h3 {[%clk 0:56:49]} g6 {[%clk
1:08:23]} 24. Ke2 {[%clk 0:55:36]} Kg7 {[%clk 1:08:31]} 25. Kf2 {[%clk 0:55:20]}
g5 {[%clk 1:03:05]} 26. Bh2 {[%clk 0:54:55]} Bb6 {[%clk 1:02:10]} 27. Kf1 {[%clk
0:51:52]} c4 {[%clk 0:54:52]} 28. Bg1 {[%clk 0:50:13]} Bxg1 {[%clk 0:54:32]} 29.
Kxg1 {[%clk 0:48:27]} Ne5 {[%clk 0:54:45]} 30. Kh2 {[%clk 0:47:34]} b4 {[%clk
0:49:52]} 31. Bd1 {[%clk 0:41:59]} Kg6 {[%clk 0:38:33]} 32. a5 {[%clk 0:38:59]}
f5 {[%clk 0:36:46]} 33. Bc2 {[%clk 0:32:40]} f4 {[%clk 0:36:46]} 1/2-1/2

[Event "50+ World Senior Team Championship"]
[Site "chess24.com"]
[Date "2017.05.02"]
[Round "9"]
[White "Bogumil, Tatiana"]
[Black "Thjomoe, Hans Richard"]
[Result "1/2-1/2"]
[Board "2"]
[WhiteElo "2173"]
[WhiteTitle "WGM"]
[WhiteCountry "RUS"]
[WhiteFideId "4110579"]
[WhiteEloChange "-7"]
[BlackElo "1896"]
[BlackCountry "NOR"]
[BlackFideId "1506412"]
[BlackEloChange "7"]

1. Nf3 {[%clk 1:31:00]} Nf6 {[%clk 1:30:24]} 2. c4 {[%clk 1:30:48]} e6 {[%clk
1:30:09]} 3. b3 {[%clk 1:29:50]} d5 {[%clk 1:27:29]} 4. Bb2 {[%clk 1:27:00]} c5
{[%clk 1:23:09]} 5. e3 {[%clk 1:19:31]} Bd6 {[%clk 1:20:10]} 6. cxd5 {[%clk
1:15:51]} exd5 {[%clk 1:19:36]} 7. Bb5+ {[%clk 1:12:40]} Nc6 {[%clk 1:18:52]} 8.
O-O {[%clk 1:10:01]} O-O {[%clk 1:19:13]} 9. d4 {[%clk 1:04:55]} Bg4 {[%clk
1:09:48]} 10. dxc5 {[%clk 1:04:19]} Bxc5 {[%clk 1:08:53]} 11. h3 {[%clk 1:03:32]}
Be6 {[%clk 1:04:30]} 12. Nd4 {[%clk 0:50:41]} Ne7 {[%clk 1:01:11]} 13. Nd2 {[%clk
0:48:53]} Qd6 {[%clk 0:53:43]} 14. Bd3 {[%clk 0:45:06]} a6 {[%clk 0:52:20]} 15.
a3 {[%clk 0:43:47]} Rad8 {[%clk 0:49:13]} 16. b4 {[%clk 0:41:58]} Ba7 {[%clk
0:46:51]} 17. Rc1 {[%clk 0:36:56]} Bb8 {[%clk 0:44:46]} 18. N4f3 {[%clk 0:26:44]}
Ng6 {[%clk 0:35:46]} 19. Bd4 {[%clk 0:25:01]} 1/2-1/2

[Event "50+ World Senior Team Championship"]
[Site "chess24.com"]
[Date "2017.05.02"]
[Round "9"]
[White "Sazonova, Elena N."]
[Black "Warstad, Leif E"]
[Result "1/2-1/2"]
[Board "4"]
[WhiteElo "2119"]
[WhiteTitle "WIM"]
[WhiteCountry "RUS"]
[WhiteFideId "4109767"]
[WhiteEloChange "-8"]
[BlackElo "1628"]
[BlackCountry "NOR"]
[BlackFideId "1516060"]
[BlackEloChange "8"]

1. e4 {[%clk 1:30:57]} c5 {[%clk 1:30:51]} 2. Nf3 {[%clk 1:31:21]} g6 {[%clk
1:31:13]} 3. d4 {[%clk 1:31:28]} cxd4 {[%clk 1:31:30]} 4. Nxd4 {[%clk 1:31:51]}
Bg7 {[%clk 1:31:33]} 5. Nc3 {[%clk 1:31:34]} Nc6 {[%clk 1:31:52]} 6. Nde2 {[%clk
1:30:46]} d6 {[%clk 1:27:15]} 7. h3 {[%clk 1:31:01]} Nf6 {[%clk 1:27:03]} 8. g3
{[%clk 1:31:23]} Bd7 {[%clk 1:24:31]} 9. Bg2 {[%clk 1:31:44]} Qc8 {[%clk
1:21:17]} 10. g4 {[%clk 1:19:38]} O-O {[%clk 1:16:40]} 11. O-O {[%clk 1:19:39]}
Re8 {[%clk 1:02:59]} 12. Ng3 {[%clk 1:13:11]} Ne5 {[%clk 0:56:52]} 13. g5 {[%clk
1:03:28]} Nh5 {[%clk 0:52:44]} 14. Nxh5 {[%clk 1:03:25]} gxh5 {[%clk 0:53:12]}
15. Qxh5 {[%clk 1:03:35]} Qc4 {[%clk 0:44:42]} 16. Qe2 {[%clk 0:51:22]} Qxe2
{[%clk 0:42:12]} 17. Nxe2 {[%clk 0:51:37]} Rac8 {[%clk 0:41:38]} 18. Nd4 {[%clk
0:48:47]} a5 {[%clk 0:39:54]} 19. Rd1 {[%clk 0:45:00]} b5 {[%clk 0:37:12]} 20. f4
{[%clk 0:38:21]} Ng6 {[%clk 0:33:52]} 21. c3 {[%clk 0:31:35]} e5 {[%clk 0:31:07]}
1/2-1/2